| 000 | 00388nam a22001577a 4500 | ||
|---|---|---|---|
| 005 | 20240902102930.0 | ||
| 008 | 240830b |||||||| |||| 00| 0 eng d | ||
| 041 | _aeng | ||
| 082 | _a622.335 KAN | ||
| 100 |
_aKANNAVENA, SRAVANA KUMAR _98461 |
||
| 245 | _aMETHODS OF WORKING METALS | ||
| 260 |
_aHYDERABAD _bPLANET PUBLISHING HOUSE |
||
| 300 | _a3.38,P | ||
| 650 | _aMINING | ||
| 942 | _cBK | ||
| 999 |
_c8584 _d8582 |
||